000 00356nam a2200133Ia 4500
008 240624s9999 xx 000 0 und d
041 _aeng
082 _a332 RAO
100 _aRAO KATURI NAGESWARA
245 _aGLOBAL IMBALANCES IN TRADE AND FINANCE I
260 _c2006
_aHyderabad
_bICFAI press
300 _aviii, : 201 : p. : cm. ; 23
365 _cRS
_b50
999 _c6526
_d6526